Normal view
MARC view
Entry Topical Term
001 - CONTROL NUMBER
- control field: 19002
003 - CONTROL NUMBER IDENTIFIER
- control field: ARRUPE
005 - DATE AND TIME OF LATEST TRANSACTION
- control field: 20150827142130.0
008 - FIXED-LENGTH DATA ELEMENTS
- fixed length control field: 150827|| aca||aabn | a|a d
040 ## - CATALOGING SOURCE
- Original cataloging agency: ARRUPE
- Transcribing agency: ARRUPE
150 ## - HEADING--TOPICAL TERM
- Topical term or geographic name as entry element: Welfare economics.
670 ## - SOURCE DATA FOUND
- Source citation: Work cat.: (ARRUPE)0: Sen, Amartya, 1933- 19000, Commodities and capabilities /, 1999